Compendio de derecho de familia /

Detalles Bibliográficos
Autores principales: Lasarte, Carlos (Autor), Flores González, Begoña (Autor), Peralta Ortega, Juan Carlos de (Autor)
Formato: Electrónico eBook
Lenguaje:español
Publicado: Madrid : Dykinson, S.L., [2021]
Edición:10a edición revisada y actualizada.
Materias:
Acceso en línea:Digitalia Hispánica

MARC

LEADER 00000nam a2200000 i 4500
001 DIGDYK3015
003 NyNyDIG
007 cr |||||||||||
008 231201s2021 sp o 000 0 spa d
006 m o d
035 |a (OCoLC)1414667135 
040 |a DGITA  |b eng  |e rda  |e pn  |c DGITA 
020 |a 9788413242101  |q eBook 
020 |z 9788413774800 
043 |a e-sp--- 
050 1 4 |a KKT540 ebook 
100 1 |a Lasarte, Carlos,  |e author. 
245 1 0 |a Compendio de derecho de familia /  |c Carlos Lasarte ; con la colaboración de Begoña Flores González, Juan Carlos de Peralta Ortega. 
250 |a 10a edición revisada y actualizada. 
264 1 |a Madrid :  |b Dykinson, S.L.,  |c [2021] 
300 |a 1 online resource. 
336 |a text  |b txt  |2 rdacontent 
337 |a computer  |b c  |2 rdamedia 
338 |a online resource  |b cr  |2 rdacarrier 
347 |a text file  |2 rdaft 
347 |b PDF 
500 |a "UNED"--Cover. 
588 0 |a Online resource; title from PDF title page (Digitalia, viewed December 1, 2023) 
650 0 |a Domestic relations  |z Spain. 
700 1 |a Flores González, Begoña,  |e author. 
700 1 |a Peralta Ortega, Juan Carlos de,  |e author. 
791 2 |a Digitalia (Firm),  |e distributor. 
793 0 |g Digitalia eBook Collection:  |a Dykinson Editorial 
776 0 8 |i Print version:  |a Lasarte, Carlos.  |t Compendio de derecho familia.  |b 10a edición revisada y actualizada.  |d Madrid : Dykinson, S.L., [2021]  |z 9788413774800 
856 4 0 |3 Digitalia Hispánica  |u https://www.digitaliapublishing.com/a/131401/ 
910 |a Premium collection: 2023